| 000 | 00635nam a2200133Ia 4500 | ||
|---|---|---|---|
| 008 | 171212s9999 xx 000 0 und d | ||
| 020 | _a9780833037930 | ||
| 100 | _aMcCarthy, Kevin F.;Ondaatje, Elizabeth Heneghan;Brooks, Arthur;Szanto, Andras | ||
| 245 |
_cMcCarthy, Kevin F.;Ondaatje, Elizabeth Heneghan;Brooks, Arthur;Szanto, Andras _aA Portrait of the Visual Arts _bMeeting the Challenges of a New Era |
||
| 260 |
_bRAND Corporation _c2005 |
||
| 650 | _aArt -- United States -- Marketing; Art -- Economic aspects -- United States; Art -- Forecasting | ||
| 650 | _aPolitical Science | ||
| 856 | _uwww.jstor.org/stable/10.7249/mg290pct | ||
| 999 |
_c351656 _d351656 |
||